000 00812nam a2200289 a 4500
003 AR-BaBNM
005 20251128210610.0
008 082120s2002 ||||||||||||||000 | spa||
040 _cAR-BaBNM
245 0 0 _aLa Pampa cuenta y canta
250 _a2ª ed.
260 _aSanta Rosa
_bMinisterio de Cultura y Educación
_c1999
300 _a131 p.
_bgráfs., tablas
490 0 _aRaíces pampeanas. Literatura
_vv. 1
500 _aContiene referencias bibliográficas
650 4 _aEDUCACION MUSICAL
650 4 _aEDUCACION ARTISTICA
650 4 _aCANCIONES
650 4 _aPOESIA
650 4 _aMETODOS DE ENSEÑANZA
651 4 _aLa Pampa
653 _aENSEÑANZA DE LA LITERATURA
653 _aLITERATURA REGIONAL
700 1 _aCatrón, Marcelino
_ecompilador
942 _cBK
998 _cRaquel
999 _c16111
_d16111